Statistics for World Capitals on a Map -Extreme

Click here to take the quiz!

General Stats

  • This quiz has been taken 100 times
  • The average score is 133 of 196

Answers on the Map

Answers color-coded by a green-red scale on the quiz's map according to % correct below.
 

Answer Stats

CountryCapital% Correct
United StatesWashington D.C.
93%
CanadaOttawa
89%
AustraliaCanberra
88%
BrazilBrasília
86%
United KingdomLondon
86%
MexicoMexico City
86%
GermanyBerlin
84%
FranceParis
84%
ArgentinaBuenos Aires
82%
IrelandDublin
82%
PortugalLisbon
82%
SpainMadrid
82%
NorwayOslo
82%
SwedenStockholm
82%
NetherlandsAmsterdam
81%
EgyptCairo
81%
FinlandHelsinki
81%
PeruLima
81%
RussiaMoscow
81%
ChileSantiago
81%
SwitzerlandBern
79%
BelgiumBrussels
79%
UkraineKiev
79%
IndiaNew Delhi
79%
PanamaPanama City
79%
Czech RepublicPrague
79%
IcelandReykjavík
79%
ItalyRome
79%
New ZealandWellington
79%
TurkeyAnkara
78%
MoroccoRabat
78%
IranTehran
78%
JapanTokyo
78%
ColombiaBogotá
77%
RomaniaBucharest
77%
VenezuelaCaracas
77%
PakistanIslamabad
77%
LuxembourgLuxembourg
77%
LatviaRiga
77%
South KoreaSeoul
77%
AndorraAndorra la Vella
75%
GreeceAthens
75%
AzerbaijanBaku
75%
ChinaBeijing
75%
DenmarkCopenhagen
75%
GuyanaGeorgetown
75%
IsraelJerusalem
75%
BelarusMinsk
75%
MonacoMonaco
75%
UruguayMontevideo
75%
KazakhstanNur-Sultan
75%
South AfricaPretoria, Cape Town,
or Bloemfontein
75%
Costa RicaSan José
75%
San MarinoSan Marino
75%
Vatican CityVatican City
75%
AustriaVienna
75%
AlgeriaAlgiers
74%
ParaguayAsunción
74%
ThailandBangkok
74%
LebanonBeirut
74%
HungaryBudapest
74%
BoliviaLa Paz or Sucre
74%
North KoreaPyongyang
74%
EcuadorQuito
74%
LiechtensteinVaduz
74%
LithuaniaVilnius
74%
PolandWarsaw
74%
United Arab EmiratesAbu Dhabi
73%
IraqBaghdad
73%
GuatemalaGuatemala City
73%
CubaHavana
73%
Democratic Republic of the CongoKinshasa
73%
KuwaitKuwait City
73%
PhilippinesManila
73%
CyprusNicosia
73%
El SalvadorSan Salvador
73%
Bosnia and HerzegovinaSarajevo
73%
FijiSuva
73%
EstoniaTallinn
73%
TunisiaTunis
73%
EthiopiaAddis Ababa
71%
SlovakiaBratislava
71%
SyriaDamascus
71%
IndonesiaJakarta
71%
AfghanistanKabul
71%
SloveniaLjubljana
71%
KenyaNairobi
71%
YemenSana'a
71%
North MacedoniaSkopje
71%
BulgariaSofia
71%
AlbaniaTirana
71%
MaltaValletta
71%
CroatiaZagreb
71%
JordanAmman
70%
MadagascarAntananarivo
70%
SerbiaBelgrade
70%
VietnamHanoi
70%
JamaicaKingston
70%
Saint Vincent and the GrenadinesKingstown
70%
MaldivesMalé
70%
SurinameParamaribo
70%
CambodiaPhnom Penh
70%
MontenegroPodgorica
70%
Saudi ArabiaRiyadh
70%
GeorgiaTbilisi
70%
LibyaTripoli
70%
Republic of the CongoBrazzaville
68%
QatarDoha
68%
MalaysiaKuala Lumpur
68%
AngolaLuanda
68%
KosovoPristina
68%
TaiwanTaipei
68%
MongoliaUlaanbaatar
68%
ArmeniaYerevan
68%
BelizeBelmopan
67%
SudanKhartoum
67%
OmanMuscat
67%
Dominican RepublicSanto Domingo
67%
SingaporeSingapore
67%
UzbekistanTashkent
67%
NigeriaAbuja
66%
MoldovaChișinău
66%
BangladeshDhaka
66%
Sierra LeoneFreetown
66%
NepalKathmandu
66%
NicaraguaManagua
66%
HaitiPort-au-Prince
66%
Trinidad and TobagoPort-of-Spain
66%
LaosVientiane
66%
NamibiaWindhoek
66%
SenegalDakar
64%
BhutanThimphu
64%
SamoaApia
63%
DjiboutiDjibouti
63%
South SudanJuba
63%
BahrainManama
63%
SomaliaMogadishu
63%
BahamasNassau
63%
Papua New GuineaPort Moresby
63%
TurkmenistanAshgabat
62%
KyrgyzstanBishkek
62%
East TimorDili
62%
São Tomé and PríncipeSão Tomé
62%
HondurasTegucigalpa
62%
CameroonYaoundé
62%
MaliBamako
60%
TajikistanDushanbe
60%
RwandaKigali
60%
ZambiaLusaka
60%
LiberiaMonrovia
60%
NigerNiamey
60%
Antigua and BarbudaSaint John's
60%
GhanaAccra
59%
UgandaKampala
59%
TogoLomé
59%
MozambiqueMaputo
59%
Cape VerdePraia
59%
Guinea-BissauBissau
58%
BarbadosBridgetown
58%
GuineaConakry
58%
GabonLibreville
58%
GrenadaSaint George's
58%
SeychellesVictoria
58%
BruneiBandar Seri Begawan
56%
BotswanaGaborone
56%
ZimbabweHarare
56%
EritreaAsmara
55%
TuvaluFunafuti
55%
ComorosMoroni
55%
BeninPorto-Novo or Cotonou
55%
Sri LankaSri Jayawardenapura Kotte
55%
Central African RepublicBangui
53%
Saint LuciaCastries
53%
MalawiLilongwe
53%
Equatorial GuineaMalabo
53%
ChadN'Djamena
53%
DominicaRoseau
53%
GambiaBanjul
52%
TanzaniaDodoma
52%
Solomon IslandsHoniara
52%
LesothoMaseru
52%
Burkina FasoOuagadougou
52%
MauritiusPort Louis
52%
Saint Kitts and NevisBasseterre
51%
EswatiniMbabane
51%
MyanmarNaypyidaw
51%
MauritaniaNouakchott
49%
BurundiGitega
48%
KiribatiSouth Tarawa
48%
NauruYaren
48%
TongaNukuʻalofa
47%
PalauNgerulmud
45%
Ivory CoastYamoussoukro
45%
Marshall IslandsMajuro
44%
VanuatuPort Vila
42%
Federated States of MicronesiaPalikir
41%

Score Distribution

Percentile by Number Answered

Percent of People with Each Score

Your Score History

You have not taken this quiz